Odborný anglicko-český slovník z oblasti daňové a účetní

Saved in:
Bibliographic Details
Main Author: Bočánková, Milena
Other Authors: Kalina, Miroslav, Oherová, Jana
Format: Book
Language:English
Czech
Published: Praha Linde 1996
Edition:1. vyd.
Subjects:
Tags: Add Tag
No Tags, Be the first to tag this record!

MARC

LEADER 00000nam a2200000 4500
001 c016754
005 20221214071459.1
020 |a 80-7201-023-9 
041 0 |a eng 
041 0 |a cze 
044 |a CZ 
245 1 0 |a Odborný anglicko-český slovník z oblasti daňové a účetní  |c Milena Bočánková, Miroslav Kalina, Jana Oherová 
250 |a 1. vyd. 
264 1 |a Praha  |b Linde  |c 1996 
300 |a 242 s. 
610 2 0 |a jazykoveda 
610 2 0 |a dane 
610 2 0 |a účtovníctvo 
610 2 0 |a angličtina 
610 2 0 |a čeština 
610 2 0 |a terminológia 
100 1 |a Bočánková, Milena 
700 1 |a Kalina, Miroslav 
700 1 |a Oherová, Jana